| 000 | 00799nac a22002417a 4500 | ||
|---|---|---|---|
| 001 | BR7905681 | ||
| 003 | BR-BrBNA | ||
| 005 | 20240105114504.0 | ||
| 008 | 230509b bl.|||m| |||| 00| 0 por d | ||
| 040 |
_aBR-BrBNA _bpor _cBiblioteca Nacional de Agricultura |
||
| 072 | _aD10; U20 | ||
| 090 | _aD10 BR7905681 | ||
| 110 | 1 |
_aBiblioteca Nacional de Agricultura, Brasilia, DF (Brasil) _91256 |
|
| 245 | 1 | _aRelatorio de atividades 1979 [Biblioteca Nacional de Agricultura; Administracao; Brasil] | |
| 260 | 3 |
_aBrasilia, DF (Brasil): _c1979. |
|
| 300 | _a43 p. | ||
| 490 |
_aRelatorio - Biblioteca Nacional de Agricultura (Brazil) _v _x |
||
| 650 | _aAdministracao | ||
| 650 | _aDocumentacao | ||
| 650 | _aBiblioteca | ||
| 909 |
_a202312 _bLúcia Elande _c55 _dLúcia Elande |
||
| 942 |
_2AGRIS _n0 _cMS |
||
| 999 |
_c269641 _d269641 |
||